| 000 | 01710pam a22003374a 4500 | ||
|---|---|---|---|
| 001 | 13612566 | ||
| 003 | ARRUPE | ||
| 005 | 20131023172752.0 | ||
| 008 | 040603s2004 ncu b 001 0 eng | ||
| 010 | _a 2004013136 | ||
| 020 | _a0822334356 (cloth : alk. paper) | ||
| 020 | _a0822334461 (pbk. : alk. paper) | ||
| 035 | _a(OCoLC)ocm55624544 | ||
| 040 |
_aDLC _cDLC _dYDX _dDLC |
||
| 042 | _apcc | ||
| 050 | 0 | 0 |
_aML3531 _b.P47 2004 |
| 082 | 0 | 0 |
_a782.421649 _222 |
| 100 | 1 |
_aPerry, Imani, _d1972- _92907 |
|
| 245 | 1 | 0 |
_aProphets of the hood : _bpolitics and poetics in hip hop / _cImani Perry. |
| 260 |
_aDurham : _bDuke University Press, _c2004. |
||
| 300 |
_ax, 236 p. ; _c24 cm. |
||
| 504 | _aIncludes bibliographical references and index. | ||
| 505 | 0 | _aHip hop's mama : originalism and identity in the music -- My mic sound nice : art, community, and consciousness -- Stinging like Tobasco : structure and format in hip hop compositions -- The glorious outlaw : hip hop narratives, American law and the court of public opinion -- B-boys, players and preachers : reading masculinity -- The venus hip hop and the pink ghetto : negotiating spaces for women -- Bling bling-- and going pop : consumerism and co-optation in hip hop. | |
| 650 | 0 |
_aRap (Music) _xHistory and criticism. _92908 |
|
| 650 | 0 |
_aRap (Music) _xPolitical aspects. _92909 |
|
| 650 | 0 |
_aHip-hop _xSocial aspects. _92910 |
|
| 856 | 4 | 1 |
_3Table of contents _uhttp://www.loc.gov/catdir/toc/ecip0418/2004013136.html |
| 906 |
_a7 _bcbc _corignew _d1 _eecip _f20 _gy-gencatlg |
||
| 942 |
_2lcc _cMONOGRAPH |
||
| 999 |
_c118437 _d118437 |
||